La Europa del siglo XVIII (notice nᵒ 2213)
[ vue normale ]
| 000 -Sello discográfico | |
|---|---|
| campo de control de longitud fija | 01027nam a2200337 4500 |
| 005 - Identificación de versión | |
| campo de control | 20251016083236.0 |
| 035 ## - Otros números de control del sistema | |
| Número de control del sistema | 8067 |
| 099 ## - fechas locales | |
| Tipo de ítem Koha | LIBRO |
| 100 ## - Datos de procesamiento general | |
| Datos de procesamiento general | 19971203d1968 m y1spay5003 ba |
| 101 ## - Idioma del recurso | |
| Idioma del texto, banda sonora, etc. | Español; Castellano |
| Idioma de la obra original | Inglés |
| 105 ## - Campo de datos codificados: Material textual, monográfico | |
| Datos codificados de monografía | y 001zy |
| 200 1# - Título y mención de responsabilidad | |
| Título propio | La Europa del siglo XVIII |
| Designación general del material | texto impreso |
| Otra información del título | 1713-1789 |
| Primer mención de responsabilidad | M.S. Anderson |
| Declaración de responsabilidad subsiguiente | traducción Ricardo Haas |
| 205 ## - Declaración de edición | |
| Declaración de edición | 1a ed |
| 210 ## - Publicación, distribución, etc. | |
| Lugar de publicación, distribución, etc. | México |
| Nombre del editor, distribuidor, etc. | Fondo de Cultura Económica |
| Fecha de publicación, distribución, etc. | 1968 |
| 215 ## - Descripción física | |
| Designación de material específico y extensión del ítem | 245 p |
| Otras características físicas | maps. |
| Dimensiones | 17 cm |
| 300 ## - Notas generales | |
| Texto de la nota | Incluye bibliografía e índice de mapas |
| 345 ## - Nota de información de adquisición | |
| Fuente de adquisición/dirección de la suscripción [OBSOLETO] | Donación |
| 410 #1 - Series | |
| Título | Breviarios del Fondo de Cultura Económica |
| Número de volumen | 199 |
| 454 #1 - Traducción de | |
| Título | 18th Century Europe 1713-1789 |
| 607 ## - Nombre geográfico utilizado como tema | |
| Elemento de entrada | Europa |
| Subdivisión temática | Historia |
| Subdivisión cronológica | Siglo XVIII |
| Número Koha | 5232 |
| 660 ## - Código de área geográfica | |
| Código | MX |
| 700 ## - Nombre personal - Responsabilidad primaria | |
| Elemento de entrada | Anderson |
| Parte del nombre distinta del elemento de entrada | Matthew Smith |
| Fechas | 1922-2006 |
| Número Koha | 5233 |
| 702 ## - Nombre personal - Responsabilidad secundaria | |
| Elemento de entrada | Haas |
| Parte del nombre distinta del elemento de entrada | Ricardo |
| Número Koha | 5234 |
| 801 #0 - Fuente de origen | |
| Agencia | cm |
| 900 ## - | |
| -- | 1/14934 |
| 900 ## - | |
| -- | 710976518\\031297 |
| 942 ## - ELEMENTOS DE ENTRADA SECUNDARIOS (KOHA) | |
| Tipo de ítem Koha | Livre |
| 996 ## - | |
| -- | MEX |
| -- | 751145101 |
| -- | MMAG |
| -- | 004663 |
| -- | 082.1 B846 V.199 |
| -- | 20210423LIV |
| Estatus retirado | Estado de daño | Estado de pérdida | Fecha de adquisición | Biblioteca de origen | Biblioteca actual | Ubicación en estantería | Código de barras | Precio de reemplazo | Signatura topográfica completa | No para préstamo | Tipo de ítem Koha | Nota pública | Nota no pública |
|---|---|---|---|---|---|---|---|---|---|---|---|---|---|
| 05/08/2025 | Casa México Paris | Casa México Paris | 004663 | 05/08/2025 | 082.1 B846 V.199 | Livre | 20210423LIV | 751145101 |